000 00741nam a2200217 i 4500
001 93612
003 ES-MaACL
005 20240703063056.0
007 t|
008 050415s1959 sp ||||1| spa d
100 1 _aLópez de Ayala, Pedro,
_d1332-1407
_973530
245 1 0 _aLibro de la caza de las aves
_b: texto íntegro en versión de José Fradejas Lebrero... /
_cPedro López de Ayala.
260 _aValencia :
_bCastalia,
_c1959.
300 _a243 p., il. :
_b2 h. ;
_c20 cm.
490 1 _aOdres nuevos
650 4 _aCetrería-
_vObras anteriores a 1800.
_9140544
700 1 _aFradejas Lebrero, José.
_952057
830 0 _aOdres nuevos
_9181463
852 _aES-MaACL
_jC-18894
_bR.45270
999 _c93612
_d93612